<?xml version="1.0" encoding="UTF-8"?>
<record
    xmlns:xsi="http://www.w3.org/2001/XMLSchema-instance"
    xsi:schemaLocation="http://www.loc.gov/MARC21/slim http://www.loc.gov/standards/marcxml/schema/MARC21slim.xsd"
    xmlns="http://www.loc.gov/MARC21/slim">

  <leader>03582njm a2200565Ia 4500</leader>
  <controlfield tag="001">F5557</controlfield>
  <controlfield tag="003">IT-RoPAU</controlfield>
  <controlfield tag="005">20220918181114.0</controlfield>
  <controlfield tag="008">131025s9999    xx            000 0 und d</controlfield>
  <datafield tag="040" ind1=" " ind2=" ">
    <subfield code="a">IT-RoPAU</subfield>
  </datafield>
  <datafield tag="040" ind1=" " ind2=" ">
    <subfield code="c">IT-RoPAU</subfield>
  </datafield>
  <datafield tag="999" ind1=" " ind2=" ">
    <subfield code="c">99260</subfield>
    <subfield code="d">99260</subfield>
  </datafield>
  <datafield tag="999" ind1=" " ind2=" ">
    <subfield code="b">n.d.</subfield>
  </datafield>
  <datafield tag="100" ind1=" " ind2=" ">
    <subfield code="a">AA.VV.</subfield>
    <subfield code="9">794</subfield>
  </datafield>
  <datafield tag="100" ind1=" " ind2=" ">
    <subfield code="e">Autore musica</subfield>
    <subfield code="9">32753</subfield>
  </datafield>
  <datafield tag="100" ind1=" " ind2=" ">
    <subfield code="g">Codice autore musica SPICS: 12000</subfield>
    <subfield code="9">796</subfield>
  </datafield>
  <datafield tag="245" ind1=" " ind2=" ">
    <subfield code="a">Lost Life</subfield>
  </datafield>
  <datafield tag="250" ind1=" " ind2=" ">
    <subfield code="a">1a ed.</subfield>
  </datafield>
  <datafield tag="260" ind1=" " ind2=" ">
    <subfield code="a">MILANO</subfield>
  </datafield>
  <datafield tag="260" ind1=" " ind2=" ">
    <subfield code="b">RUSCONI</subfield>
    <subfield code="c">1998 [1a Ed.:0]</subfield>
  </datafield>
  <datafield tag="300" ind1=" " ind2=" ">
    <subfield code="a">COMPACT DISC</subfield>
  </datafield>
  <datafield tag="300" ind1=" " ind2=" ">
    <subfield code="c">74 minuti (Testo: 0 pag.)</subfield>
  </datafield>
  <datafield tag="500" ind1=" " ind2=" ">
    <subfield code="a">Musica jazz. Cd fuori commercio allegato al n. 12 '98 della rivista "Musica jazz".</subfield>
  </datafield>
  <datafield tag="505" ind1=" " ind2=" ">
    <subfield code="a">Lover Man [(Burbank 1979) (6:00)] - Straight Life [(Los Angeles 1957) (4:00)] - Anthropology [(Los Angeles 1959) (4:00)] - Tears Inside [(Los Angeles 1960) (8:00)] - I Can't Believe That You Are In Love With Me [(Los Angeles 1960) (5:00)] - Lost Life [(Los Angeles 1975) (6:00)] - Cherokee [(New York 1977) (17:00)] - But Beautiful [(Los Angeles 1981) (9:00)] - Mambo de la pinta [(Tokio 1979) (12:00)] - Stardust [(Berkeley 1982) (7:00)]</subfield>
  </datafield>
  <datafield tag="511" ind1=" " ind2=" ">
    <subfield code="a">Pepper Art: alto</subfield>
  </datafield>
  <datafield tag="511" ind1=" " ind2=" ">
    <subfield code="a">Pepper Art: alto; Garland Red: p; Chambers Paul: cb; Jones Philly Joe: batt</subfield>
  </datafield>
  <datafield tag="511" ind1=" " ind2=" ">
    <subfield code="a">Porcino Al, Sheldon Jack: tr; Nash Dick: trne; Enevoldsen Bob: trne, ten; De Rosa Vince: corno; Pepper Art: cl; Shank Bud: alto; Perkins Bill: ten; Flory Med: bar; Freeman Russ: p; Mondragon Joe: cb; Lewis Mel: batt; Paich Marty: arr, dir</subfield>
  </datafield>
  <datafield tag="511" ind1=" " ind2=" ">
    <subfield code="a">Sheldon Jack: tr; Pepper Art: alto; Jolly Pete: p; Bond Jimmy: cb; Butler Frank: batt</subfield>
  </datafield>
  <datafield tag="511" ind1=" " ind2=" ">
    <subfield code="a">Pepper Art: alto; Coker Dolo: p; Bond Jimmy: cb; Butler Frank: batt</subfield>
  </datafield>
  <datafield tag="511" ind1=" " ind2=" ">
    <subfield code="a">Pepper Art: alto; Hawes Hampton: p; Manne Shelly: batt; Haden Charlie: cb</subfield>
  </datafield>
  <datafield tag="511" ind1=" " ind2=" ">
    <subfield code="a">Pepper Art: ten; Cables George: p; Mraz George: cb; Jones Elvin: batt</subfield>
  </datafield>
  <datafield tag="511" ind1=" " ind2=" ">
    <subfield code="a">Pepper Art: alto; Cables George: p; Williams David: cb; Burnett Carl: batt</subfield>
  </datafield>
  <datafield tag="511" ind1=" " ind2=" ">
    <subfield code="a">Pepper Art: alto; Cables George: p; Dumas Tony: b; Higgins Billy: batt</subfield>
  </datafield>
  <datafield tag="511" ind1=" " ind2=" ">
    <subfield code="a">Pepper Art: alto; Cables George: p</subfield>
  </datafield>
  <datafield tag="650" ind1=" " ind2=" ">
    <subfield code="a">JAZZ [COMPACT DISC]</subfield>
    <subfield code="e">Codice MATERIA SPICS: 9949</subfield>
    <subfield code="9">11822</subfield>
  </datafield>
  <datafield tag="700" ind1=" " ind2=" ">
    <subfield code="a">Pepper Art</subfield>
    <subfield code="g">Codice interprete SPICS: 13246</subfield>
    <subfield code="e">Interprete</subfield>
    <subfield code="9">32754</subfield>
  </datafield>
  <datafield tag="700" ind1=" " ind2=" ">
    <subfield code="a">Davis</subfield>
    <subfield code="g">Codice autore musica SPICS: 20478</subfield>
    <subfield code="e">Autore musica</subfield>
    <subfield code="p">Lover Man</subfield>
    <subfield code="9">32755</subfield>
  </datafield>
  <datafield tag="700" ind1=" " ind2=" ">
    <subfield code="a">Sherman</subfield>
    <subfield code="g">Codice autore SPICS: 24140</subfield>
    <subfield code="e">Autore</subfield>
    <subfield code="p">Lover Man</subfield>
    <subfield code="9">32756</subfield>
  </datafield>
  <datafield tag="700" ind1=" " ind2=" ">
    <subfield code="a">Ramirez</subfield>
    <subfield code="g">Codice autore testo/musica SPICS: 20479</subfield>
    <subfield code="e">Autore testo/musica</subfield>
    <subfield code="p">Lover Man</subfield>
    <subfield code="9">32757</subfield>
  </datafield>
  <datafield tag="700" ind1=" " ind2=" ">
    <subfield code="a">Pepper Art</subfield>
    <subfield code="g">Codice autore musica SPICS: 13246</subfield>
    <subfield code="e">Autore musica</subfield>
    <subfield code="p">Straight Life - Lost Life - Mambo de la pinta</subfield>
    <subfield code="9">32758</subfield>
  </datafield>
  <datafield tag="700" ind1=" " ind2=" ">
    <subfield code="a">Gillespie Dizzy</subfield>
    <subfield code="g">Codice autore musica SPICS: 10777</subfield>
    <subfield code="e">Autore musica</subfield>
    <subfield code="p">Anthropology</subfield>
    <subfield code="9">32759</subfield>
  </datafield>
  <datafield tag="700" ind1=" " ind2=" ">
    <subfield code="a">Parker Charlie (B.)</subfield>
    <subfield code="g">Codice autore SPICS: 10799</subfield>
    <subfield code="e">Autore</subfield>
    <subfield code="p">Anthropology</subfield>
    <subfield code="9">32760</subfield>
  </datafield>
  <datafield tag="700" ind1=" " ind2=" ">
    <subfield code="a">Coleman Ornette</subfield>
    <subfield code="g">Codice autore musica SPICS: 10832</subfield>
    <subfield code="e">Autore musica</subfield>
    <subfield code="p">Tears Inside</subfield>
    <subfield code="9">32761</subfield>
  </datafield>
  <datafield tag="700" ind1=" " ind2=" ">
    <subfield code="a">Mc Hugh David</subfield>
    <subfield code="g">Codice autore musica SPICS: 22986</subfield>
    <subfield code="e">Autore musica</subfield>
    <subfield code="p">I Can't Believe That You Are In Love With Me</subfield>
    <subfield code="9">32762</subfield>
  </datafield>
  <datafield tag="700" ind1=" " ind2=" ">
    <subfield code="a">Gaskill</subfield>
    <subfield code="g">Codice autore SPICS: 51932</subfield>
    <subfield code="e">Autore</subfield>
    <subfield code="p">I Can't Believe That You Are In Love With Me</subfield>
    <subfield code="9">32763</subfield>
  </datafield>
  <datafield tag="700" ind1=" " ind2=" ">
    <subfield code="a">Noble Ray</subfield>
    <subfield code="g">Codice autore musica SPICS: 10522</subfield>
    <subfield code="e">Autore musica</subfield>
    <subfield code="p">Cherokee</subfield>
    <subfield code="9">32764</subfield>
  </datafield>
  <datafield tag="700" ind1=" " ind2=" ">
    <subfield code="a">Burke Johnny</subfield>
    <subfield code="g">Codice autore musica SPICS: 15743</subfield>
    <subfield code="e">Autore musica</subfield>
    <subfield code="p">But Beautiful</subfield>
    <subfield code="9">32765</subfield>
  </datafield>
  <datafield tag="700" ind1=" " ind2=" ">
    <subfield code="a">Van Heusen Jimmy</subfield>
    <subfield code="g">Codice autore SPICS: 15744</subfield>
    <subfield code="e">Autore</subfield>
    <subfield code="p">But Beautiful</subfield>
    <subfield code="9">32766</subfield>
  </datafield>
  <datafield tag="700" ind1=" " ind2=" ">
    <subfield code="a">Carmichael Hoagy</subfield>
    <subfield code="g">Codice autore musica SPICS: 10736</subfield>
    <subfield code="e">Autore musica</subfield>
    <subfield code="p">Stardust</subfield>
    <subfield code="9">32767</subfield>
  </datafield>
  <datafield tag="942" ind1=" " ind2=" ">
    <subfield code="c">CD</subfield>
    <subfield code="2">ddc</subfield>
  </datafield>
  <datafield tag="952" ind1=" " ind2=" ">
    <subfield code="0">0</subfield>
    <subfield code="1">0</subfield>
    <subfield code="4">0</subfield>
    <subfield code="6">F_5557_000000000000000</subfield>
    <subfield code="7">1</subfield>
    <subfield code="a">SPICS</subfield>
    <subfield code="b">SPICS</subfield>
    <subfield code="d">2013-10-25</subfield>
    <subfield code="l">0</subfield>
    <subfield code="o">F5557</subfield>
    <subfield code="r">2013-10-25 00:00:00</subfield>
    <subfield code="w">2013-10-25</subfield>
    <subfield code="y">CD</subfield>
    <subfield code="z">Progr. Ins.: 22612 / N.Vol.: 1 / Copie: 1 - Copia rara: n.d. / date import: 01.01.2014 - By Epidotti, Trombetti, Vaglietti</subfield>
  </datafield>
</record>
